00505nam a2200205Ia 4500008004100000020001800041041001200059082001000071082001100081100001800092100001900110100001100129245005500140260001000195260001800205260000900223300001500232365002500247650002700272150901s9999 xx 000 0 und d a9789381226193 aEnglish a302.2 bDIL/AG aDileep Kumar  aKhajan Singh  eAuthor aAgricultural extension: innovations and dimensions aDelhi bSatish serial c2012 a642 Pages aRs.2250/-  aAgricultural extension